000 00636nab a22001937a 4500
003 OSt
005 20250506002134.0
008 250404t2010 |||||||| |||| 00| 0 eng d
040 _cJMCFI - Learning Resource Center
082 _aPer. 370.7'051 M689 2010-2011
100 _aLincod, Nenita P
_926850
245 _aPreparing for the first day of school /
_cNenita P. Lincod.
260 _aManila :
_bThe Grade School, Inc.,
_c2011.
650 _aFirst day of school.
_930908
650 _aSchoolers.
_930909
650 _aEducation.
_91549
773 _g, volume 60, number 1 (June 2011) page 8.
_tThe Modern Teacher
942 _cPER.
_n0
_2lcc
999 _c9553
_d9553